=LDR 00000nam 2200000 4500 =001 INLIS000000000023921 =005 20130612122535 =008 ***********************************Ind** =035 ##$$0010-061300000023921 =041 ##$$a Ind =082 ##$$a 305.4 =090 ##$$a 605.4, Har p =100 ##$$a Harsono, Suyuti Budi =245 ##$$a propil wanita indonesaia berprestasi dalam masa pembangunan, Sayuti Budi Harsono =260 ##$$a 1988 $b (S.I) =300 ##$$a 148 hlm, ilus, 23 cm =650 ##$$a Wanta dan kedudukan =850 ##$$a NBPNMAT